|
|
|
|
| LEADER |
00825nam a2200241I 4500 |
| 001 |
7723 |
| 003 |
BD-DhAAL |
| 005 |
20151111120305.0 |
| 008 |
151111s1951 nyu 000 1 eng |
| 010 |
|
|
|a 51001140
|
| 040 |
|
|
|c WSU
|d MYG
|a BD-DhAAL
|
| 082 |
|
|
|a 813/.0876
|
| 100 |
1 |
|
|a Bradbury, Ray,
|d 1920-2012.
|9 16108
|
| 245 |
1 |
4 |
|a The illustrated man.
|
| 260 |
|
|
|a Garden City, N. Y.,
|a Great Britain,
|b Doubleday,
|b Rupert Hart-Davis,
|c 1952.
|
| 300 |
|
|
|a 203 p.
|c 18 cm.
|
| 500 |
|
|
|a Short stories.
|
| 541 |
|
|
|e 7723
|
| 650 |
|
|
|a Tattooing
|v Fiction
|9 16109
|
| 651 |
|
|
|a Science fiction, American.
|9 16110
|
| 942 |
|
|
|2 ddc
|c BK
|
| 999 |
|
|
|c 36111
|d 36111
|
| 952 |
|
|
|0 0
|1 0
|2 ddc
|4 0
|6 813_000000000000000__0876_BRA
|7 0
|9 56739
|a SCL
|b SCL
|c GEN
|d 2015-11-11
|e Gift:
|l 8
|m 51
|o 813.0876 BRA
|p 3020007723
|r 2020-02-24
|s 2020-01-18
|t 1
|w 2015-11-11
|y BK
|